Normal view
MARC view
- Schneider , William
Entry Personal Name
001 - CONTROL NUMBER
- control field: 134164
003 - CONTROL NUMBER IDENTIFIER
- control field: NUST
005 - DATE AND TIME OF LATEST TRANSACTION
- control field: 20260416103351.0
008 - FIXED-LENGTH DATA ELEMENTS
- fixed length control field: 260416|| aca||aabn | a|a d
040 ## - CATALOGING SOURCE
- Original cataloging agency: NUST
- Transcribing agency: NUST
100 ## - HEADING--PERSONAL NAME
- Personal name: Schneider , William
670 ## - SOURCE DATA FOUND
- Source citation: Work cat.: (NUST): Schneider , William., Food, Foreign Policy, and Raw Materials Cartels /, 1976.
